000 01050nam a2200217Ii 4500
003 JO-AjNU
008 230605s9999||||xx |||||||||||||| ||und||
017 _a2007/19163
020 _a977-04-5317X
040 _aJO-AjNU
_bara
_erda
_cJO-AjNU
041 _aara
050 1 4 _aK3812.M83 2008
100 3 _aمبروك، ممدوح محمد علي ,
_eauthor
_932477
245 0 0 _aضمان مطابقة المبيع في نطاق حماية المستهلك: دراسة تحليلية في القانون المدني وقانون حماية المستهلك المصري رقم (67) لسنة 2006م ولائحتة التنفيذية وبعض القوانين الاجنبية
264 3 1 _aالقاهرة: دار النهضة العربية، 2008
300 _a191ص
336 _atext
_btxt
_2rdacontent
337 _aunmediated
_bn
_2rdamedia
338 _avolume
_bnc
_2rdacarrier
650 4 _aحماية المستهلك - قوانين وتشريعات - فرنسا /حماية المستهلك - قوانين وتشريعات - مصر
_932478
999 _aA13116
_c16684
_d16684